| 000 | 01217cam a2200373 i 4500 | ||
|---|---|---|---|
| 001 | 20941357 | ||
| 003 | OSt | ||
| 005 | 20231025155921.0 | ||
| 008 | 190419s2020 mau b 001 0 eng | ||
| 010 | _a 2019019012 | ||
| 020 | _a9781284156560 | ||
| 035 | _a(DNLM)101745869 | ||
| 040 | _cKABU | ||
| 042 | _apcc | ||
| 050 | 0 | 0 |
_aRA971 _b.I58 2021 |
| 245 | 0 | 0 |
_aIntroduction to health care management / _cedited by Sharon B. Buchbinder, Nancy H. Shanks & Bobbie J. Kite |
| 250 | _a4th ed. | ||
| 264 | 1 |
_aBurlington, MA : _bJones & Bartlett Learning, _c2021 |
|
| 300 | _axiv, 618 p ; | ||
| 336 |
_atext _2rdacontent |
||
| 337 |
_aunmediated _2rdamedia |
||
| 338 |
_avolume _2rdacarrier |
||
| 504 | _aIncludes bibliographical references and index. | ||
| 650 | 1 | 2 | _aHealth Services Administration |
| 650 | 2 | 2 | _aLeadership |
| 650 | 2 | 2 | _aHealth Care Costs |
| 650 | 2 | 2 | _aEfficiency, Organizational |
| 700 | 1 |
_aBuchbinder, Sharon Bell, _eeditor. |
|
| 700 | 1 |
_aShanks, Nancy H., _eeditor. |
|
| 700 | 1 |
_aKite, Bobbie J., _eeditor. |
|
| 906 |
_a7 _bcbc _corignew _d1 _eecip _f20 _gy-gencatlg |
||
| 942 |
_2lcc _cBK |
||
| 999 |
_c20354 _d20353 |
||